000 02879cam a22004694i 4500
003 PE-LiUPU
005 20250731173400.0
008 150706s r 000 0 d
020 _a9789508616722
035 _a(Sirsi) i9789508616722
040 _aPE-LiUPU
_bspa
_cPE-LiUPU
_erda
049 _aPRUA
082 0 4 _a248
_bL92
_221
100 1 _aLukas, Elisabeth,
_eautor.
245 1 3 _aLa felicidad en la familia :
_bComprender aceptar amar /
_cElisabeth Lukas.
264 1 _aBuenos Aires :
_bSan Pablo,
_c2007.
300 _a160 páginas :
_bilustraciones ;
_c21 centímetros
336 _atext
_2rdacontent
337 _aunmediated
_2rdamedia
338 _avolume
_2rdacarrier
490 0 _aNoesis ;
_v19
505 0 _aPrepararnos para compartir -- Felicidad familiar, sinónimo de paz espiritual -- La irradiación "amable" -- Renunciar a la queja permanente -- En torno a la cuestión de "ser útil" -- La disposición a ayudar -- algo acerca de "conceder al otro" y regalar la luz" -- Las joyas "tiempo" y "respeto" -- Las personas que se sienten vulneradas ¿no expresan gratitud? -- ¿Hijo pródigo-padre pródigo? -- Perdonas no significa olvidar -- El diálogo -- Puerilidad del diálogo -- La inestabilidad, un obstáculo para la comprensión mutua -- ¡Cuánto depende de la comunicación! -- Cinco "pecados mortales en clave humorística" -- "¡no lo haré más y basta!" -- Los discursos de evasión y double-bind" (doble mensaje) -- La risa, una inyección vitamínica revitalizadora -- Del malentendido a la enemistad -- El círculo vicioso en el matrimonio -- Una clave para la reconciliación -- El amor mutuo -- El amor desdichado no existe -- ¿Un nuevo comienzo después del fracaso? -- Convivir en paz, aunque difieran los valores -- Dos sugerencias importantes para matrimonios -- ¿Qué sucede cuando un miembro de la familia padece trastornos psíquicos? -- Algunas pautas de comportamiento para los familiares que com-padecen -- Una visión del mundo a la vez realista y optimista -- Obedecer a la voz interior -- El amor es más fuerte que la muerte.
526 _aSEG42
526 _aSEG41
526 _aSEG40
526 _aSEG39
526 _aP94
526 _aP87
526 _aP86
526 _aP85
526 _aP77
526 _aP76
526 _aP35
541 _g007-0021089;
650 0 4 _aVida cristiana.
910 _agl
_bjv
_clch
_d20110207
942 _2ddc
_cBOOK
949 _a248 L92
_wDEWEY
_c1
_i62496
_lCCODEBUL1
_mBUL
_p12.00
_r0
_sY
_tBOOK
_u2015-7-6
_xTEOLOGIA
_PP35
_0COMPRA
_o.STAFF. Colección General
994 _aC0
_bPEPRU
596 _a1
999 _a248 L92
_wDEWEY
_c51551
_i62496
_d51551
_e2018-4-15
_f2021-11-10
_g5
_lCCODEBUL1
_mBUL
_n1
_p12.00
_r0
_sY
_tBOOK
_u2015-7-6
_xTEOLOGIA
_PP35
_0COMPRA
_o.STAFF. Colección General
980 _81
_gALBERTO SANCHEZ Responsable de Automatización